000 00591nam a2200193Ia 4500
999 _c33624
_d33624
003 OSt
005 20200917132828.0
008 190216s9999||||xx |||||||||||||| ||und||
020 _a9788120303485
040 _coclc
082 _a621.3815
_bGOT/D
100 _aGothmann, William H
_94694
245 0 _aDigital Electronics:
_bAn Introduction To Theory And Practice /
_cWilliam H Gothmann
250 _a2nd Ed.
260 _bPrentice Hall Of India,
_c2001.
_aNew Delhi:
300 _a383p
650 _aPhysics
942 _cBK
_2ddc
_h621.3815
_iGOT/D
_k621.3815
_mGOT/D